00865nam a2200193Ia 4500001019500000002005100195008003700246010001100283530002200294650001600316650005300332650005900385650002800444650004200472650003800514700004600552700003500598700003800633IA_To analyze the possible factors that may be involved in implementing the outcome of two experiences are compared in different companies with the same methodology and other certification body.IMPLEMENTACION DE PLIEGO DE CONDICIONES PARA EL US220117s xx 000 0 und d a186342 aDisponible en PDF aFood safety aHorticultural products industryxCertification  aIndustria de productos hortícolasxCertificación  aInocuidad alimentaria  aTomatexCertificación de producto  aTomatoesxProduct certification  a1. Velázquez Castillo, Alejandra, dir.  aMorales Santos, Tayde, asesor  aRivera Salvador, Víctor, asesor